THE SUN TZU MANUAL : (Record no. 4924)
[ view plain ]
| 000 -LEADER | |
|---|---|
| fixed length control field | 00779nam a22002177a 4500 |
| 005 - DATE AND TIME OF LATEST TRANSACTION | |
| control field | 20220107090748.0 |
| 008 - FIXED-LENGTH DATA ELEMENTS--GENERAL INFORMATION | |
| fixed length control field | 220107b2021 MY ||||| |||| 00| 0 eng d |
| 020 00 - INTERNATIONAL STANDARD BOOK NUMBER | |
| International Standard Book Number | 9789679789874 |
| Terms of availability | RM 58.80 |
| 040 ## - CATALOGING SOURCE | |
| Original cataloging agency | AKMAL |
| 082 00 - DEWEY DECIMAL CLASSIFICATION NUMBER | |
| Classification number | 355.02 KHO |
| 090 20 - LOCALLY ASSIGNED LC-TYPE CALL NUMBER (OCLC); LOCAL CALL NUMBER (RLIN) | |
| Classification number (OCLC) (R) ; Classification number, CALL (RLIN) (NR) | 355.02 |
| Local cutter number (OCLC) ; Book number/undivided call number, CALL (RLIN) | KHO |
| 100 1# - MAIN ENTRY--PERSONAL NAME | |
| Personal name | Khoo, Kheng-Hor, |
| Dates associated with a name | 1956- |
| 9 (RLIN) | 9367 |
| 245 14 - TITLE STATEMENT | |
| Title | THE SUN TZU MANUAL : |
| Remainder of title | Mastering the Art of War / |
| Statement of responsibility, etc. | KHOO KHENG-HOR |
| 264 #1 - PRODUCTION, PUBLICATION, DISTRIBUTION, MANUFACTURE, AND COPYRIGHT NOTICE | |
| Place of production, publication, distribution, manufacture | Petaling Jaya, Selangor : |
| Name of producer, publisher, distributor, manufacturer | Pelanduk Publications (M) Sdn Bhd, |
| Date of production, publication, distribution, manufacture, or copyright notice | 2017 |
| 300 ## - PHYSICAL DESCRIPTION | |
| Extent | 640 pages ; |
| Dimensions | 23cm |
| 600 10 - SUBJECT ADDED ENTRY--PERSONAL NAME | |
| Personal name | Sunzi, |
| Dates associated with a name | active 6th century B.C. |
| General subdivision | Criticism and interpretation |
| 9 (RLIN) | 9368 |
| 650 10 - SUBJECT ADDED ENTRY--TOPICAL TERM | |
| Topical term or geographic name entry element | War |
| Form subdivision | Early works to 1800 |
| 9 (RLIN) | 9369 |
| 650 20 - SUBJECT ADDED ENTRY--TOPICAL TERM | |
| Topical term or geographic name entry element | Military art and science |
| Form subdivision | Early works to 1800 |
| 9 (RLIN) | 9370 |
| 650 20 - SUBJECT ADDED ENTRY--TOPICAL TERM | |
| Topical term or geographic name entry element | Military history |
| 9 (RLIN) | 9371 |
| 942 ## - ADDED ENTRY ELEMENTS (KOHA) | |
| Source of classification or shelving scheme | |
| Koha item type | Book |
| Withdrawn status | Lost status | Source of classification or shelving scheme | Damaged status | Not for loan | Collection code | Home library | Current library | Shelving location | Date acquired | Inventory number | Total Checkouts | Full call number | Barcode | Date last seen | Price effective from | Koha item type |
|---|---|---|---|---|---|---|---|---|---|---|---|---|---|---|---|---|
| NON-FICTION | AKMAL Melaka | AKMAL Melaka | PINJAMAN | 07.01.2022 | 355.02 KHO | 355.02 KHO | 201708083 | 07.01.2022 | 07.01.2022 | Book |
